Metal içerikli silika mikro kürelerin sentezi, karakterizasyonu ve aktivitelerinin incelenmesi/ (Record no. 64980)
| 000 -BAŞLIK | |
|---|---|
| Sabit Uzunluktaki Kontrol Alanı | 01476nam a22003377a 4500 |
| 001 - KONTROL NUMARASI | |
| Control Dosyası | T0000384 |
| 003 - KONTROL NUMARASI KİMLİĞİ | |
| Kontrol Alanı | KOHA_MİRAKIL |
| 005 - EN SON İŞLEM TARİHİ ve ZAMANI | |
| Kontrol Alanı | 20260207004525.0 |
| 007 - FİZİKSEL TANIM SABİT ALAN - GENEL BİLGİ | |
| Sabit uzunluklu kontrol alanı | ta |
| 008 - SABİT UZUNLUKTAKİ VERİ ÖGELERİ - GENEL BİLGİ | |
| Sabit Alan | 190517b2019 tu |||grm|||#0|||0|tur | |
| 040 ## - KATALOGLAMA KAYNAĞI | |
| Özgün Kataloglama Kurumu | TR-BiSEU |
| Kataloglama Dili | tur |
| Çeviri Kurumu | TR-BiSEU |
| Açıklama Kuralları | rda |
| 041 0# - DİL KODU | |
| Metin ya da ses kaydının dil kodu | tur |
| 044 ## - YAYINLAYAN/ÜRETEN KURULUŞUN ÜLKE KODU | |
| ISO country code | tu |
| 050 00 - SINIFLAMA ve YER NUMARASI | |
| Sınıflama Numarası | Tez |
| Yer Numarası | 384 |
| 100 1# - KİŞİ ADI | |
| Yazar Adı (Kişi adı) | Meriç, Gamze Gündüz. |
| 245 1# - ESER ADI BİLDİRİMİ | |
| Başlık | Metal içerikli silika mikro kürelerin sentezi, karakterizasyonu ve aktivitelerinin incelenmesi/ |
| Sorumluluk Bildirimi | Gamze Gündüz Meriç ; Gamze Gündüz Meriç; danışman Levent Değirmenci; ikinci danışman Süleyman Kaytakoğlu. |
| 264 #1 - ÜRERİM, YAYIN, DAĞITIM ve TELİF BİLDİRİMİ | |
| Yayın yeri | Bilecik : |
| Yayınlayan | Bilecik Şeyh Edebali Üniversitesi |
| Yayın tarihi | 2019 |
| 300 ## - FİZİKSEL TANIMLAMA | |
| Sayfa, Cilt vb. | XVI, 228 sayfa: resimli, tablo, grafik; 30 cm.+ 1 CD-ROM |
| 336 ## - İÇERİK TÜRÜ | |
| Content type term | metin |
| Content type code | txt |
| Source | rdacontent |
| 337 ## - MEDYA TÜRÜ | |
| Media type term | aracısız |
| Media type code | n |
| Source | rdamedia |
| 338 ## - TAŞIYICI TÜRÜ | |
| Carrier type term | cilt |
| Carrier type code | nc |
| Source | rdacarrier |
| 500 ## - GENEL NOT | |
| Genel Not | Ref. No : 10239825 |
| 500 ## - GENEL NOT | |
| Genel Not | Kaynakça var. |
| 500 ## - GENEL NOT | |
| Genel Not | Anadolu Üniversitesi ve Bilecik Şeyh Edebali Üniversitesi tarafından ortak yürütülen program. |
| 500 ## - GENEL NOT | |
| Genel Not | İngilizce Eser Adı: Synthesis, characterization of metal containing silica micro-spheres and investigate of their activities |
| 502 ## - TEZ NOTU | |
| Tez Notu | Tez (Doktora) -- Bilecik Şeyh Edebali Üniversitesi Fen Bilimleri Enstitüsü Kimya Mühendisliği Anabilim Dalı, Bilecik, . |
| 650 #0 - KONU BAŞLIĞI EK GİRİŞ - KONU TERİMİ | |
| Konusal terim veya coğrafi ad | Yenilenebilir enerji kaynakları. |
| 9 (RLIN) | 2482 |
| 650 #0 - KONU BAŞLIĞI EK GİRİŞ - KONU TERİMİ | |
| Konusal terim veya coğrafi ad | Renewable energy resources. |
| 9 (RLIN) | 120632 |
| 856 40 - ELEKTRONİK YER ve ERİŞİM | |
| Kaynak Tanımlayıcı (URL) | <a href="http://acikkaynak.bilecik.edu.tr/xmlui/handle/11552/1401">http://acikkaynak.bilecik.edu.tr/xmlui/handle/11552/1401</a> |
| 907 ## - LOCAL DATA ELEMENT G, LDG (RLIN) | |
| a | Doktora |
| 942 ## - EK GİRİŞ ÖGELERİ (KOHA) | |
| Source of classification or shelving scheme | Library of Congress Classification |
| Koha item type | Thesis |
| Materyal Türü | Kalıcı Konum | Mevcut Konum | Raf Yeri | Sınıflandırma Kaynağı | Edinim Bilgisi | Yer Numarası | Demirbaş Numarası | Fatura Tarihi | Geri Çekilme Durumu | Kayıp Durumu | Hasarlı Durumu | Kredi için değil | Kayıt Tarih | Toplam Ödünçverme | Son Görülme Tarihi | Son Kontrol Tarihi |
|---|---|---|---|---|---|---|---|---|---|---|---|---|---|---|---|---|
| Thesis | Prof. Dr. Azmi Özcan Kütüphanesi | Prof. Dr. Azmi Özcan Kütüphanesi | Depo | Library of Congress Classification | Bağış | Tez/384 | T0000384 | 02/02/2026 | 17/05/2019 | 05/12/2024 | 05/12/2024 |
